=LDR 00000nam 2200000 4500 =001 INLIS000000000034302 =005 20250307022202 =035 ##$$a 0010-061300000034302 =008 250307################d##########0#ind## =041 ##$$a ind =082 ##$$a 028.5 =090 ##$$a 028.5, Sha a =100 ##$$a SHARMA, Amrita =245 1#$$a Anoman /$c , Amrita Sharma ; penerjemah, Mieke Gembirasari ; editor, Agus Salim =260 ##$$a Bandung :$b Nuansa,$c 2008 =300 ##$$a 86 hlm, : $b Ilus. ; $c 21 cm =650 #4$$a Bacaan Kanak - kanak =700 #$$a Gembirasari, Mieke =850 ##$$a NBPNMAT =020 ##$$a 9786028023399 =084 ##$$a 028.5 SHA a =250 ##$$a cet. I =990 ##$$a 21010167 =990 ##$$a 08020802 =990 ##$$a 16371637 =990 ##$$a 21010164 =990 ##$$a 21010167 =990 ##$$a 1200001637